| 000 | 00491nam a2200169Ia 4500 | ||
|---|---|---|---|
| 003 | GCL | ||
| 008 | 140319s9999 xx 000 0 ara d | ||
| 040 |
_aGCL / _cGCL |
||
| 082 | 0 | 4 |
_a551.1 _bم ج |
| 100 | 1 | _aمحى الدين بنانه | |
| 245 | 1 | 0 |
_aالجيو هندسية التطبيقية / _cمحى الدين بنانه |
| 300 | _a344 ص | ||
| 490 |
_a100 قصة _v0 |
||
| 650 | 0 | 4 | _aالجيولوجيا |
| 650 | 0 | 4 | _aالجيولوجيا طبقات الارض |
| 942 |
_2ddc _cBK |
||
| 999 |
_c44096 _d44096 |
||